|
|
|
|
| LEADER |
00991nam a2200277 a 4500 |
| 001 |
17195098 |
| 003 |
BD-DhAAL |
| 005 |
20131114121746.0 |
| 008 |
131114s2013 enk 001 0 eng |
| 010 |
|
|
|a 2012006466
|
| 020 |
|
|
|a 9780415693165 (pbk. : alk. paper)
|
| 020 |
|
|
|a 9780415693172 (hardback : alk. paper)
|
| 040 |
|
|
|a DLC
|c DLC
|d DLC
|d BD-DhAAL
|
| 050 |
0 |
0 |
|a BD21
|b .W35 2013
|
| 082 |
0 |
0 |
|a 100
|2 23
|
| 100 |
1 |
|
|a Warburton, Nigel,
|d 1962-
|9 3517
|
| 245 |
1 |
0 |
|a Philosophy :
|b the basics /
|c Nigel Warburton.
|
| 250 |
|
|
|a 5th ed.
|
| 260 |
|
|
|a London ;
|a New York :
|b Routledge,
|c 2013.
|
| 300 |
|
|
|a xiv, 182 p. ;
|c 21 cm.
|
| 504 |
|
|
|a Includes bibliographical references and index.
|
| 541 |
|
|
|e 27745
|
| 650 |
|
0 |
|a Philosophy
|v Introductions.
|9 3518
|
| 942 |
|
|
|2 ddc
|c BK
|
| 999 |
|
|
|c 14087
|d 14087
|
| 952 |
|
|
|0 0
|1 0
|2 ddc
|4 0
|6 100_000000000000000_WAR
|7 0
|9 23679
|a BRACUL
|b BRACUL
|c GEN
|d 2013-11-14
|e Karim International
|g 1740.00
|l 16
|m 42
|o 100 WAR
|p 3010027745
|r 2026-04-30
|s 2026-04-30
|t 1
|w 2013-11-14
|y BK
|